000 00250nam a22001097a 4500
008 170116b xxu||||| |||| 00| 0 eng d
020 _a1556480326
041 _aeng
080 _a618.2
245 _aCOLLABORATIVE CARE
_cETHEREDGE, M.L
942 _2udc
_cBK
999 _c2965
_d2965